000
00341nam a2200145Ia 4500
005
20250603144627.0
008
250603s9999 xx 000 0 und d
020
_a
9789789638666
050
_a
KP 90 .A4/
100
_a
Adebayo, Adesanya Michael
245
0
_a
Case Law on Criminal Law.
260
_c
2018
300
_a
1116 p
942
_c
BK
999
_c
39479
_d
39479